1362 1554 1542 1236 1902 1712 1350 1149 1894 1899 1512 1933 1254 1466 1057 1951 1896 1065 1252 1155 1381 1938 1858 1722 1337 1320 1838 1434 1975 1544 1943 1452 2000 1276 1819 1405 1298 1932 1429 1907 1274 1617 1481 1204 1951 1488 1242 1732 1457 1493 1439 1477 1241 1893 1062 1438 1027 1449 1104 1964 1401 1948 1391 1886 1687 1125 1277 1863 1010 1190 1556 1411 1682 1091 1513 1841 1506 1558 1467 1747 1822 1279 1474 1619 1898 1558 1437 1036 1829 1906 1183 1256 1535 1587 1257 1155 1205 1177 1577 BCNSPRNW ULIB Ver.6.0+V

เปลี่ยนเป็นภาษาไทย

Change to English
 แสดงรายละเอียดบรรณานุกรม
  กลับหน้าหลัก

Brief Record : Get Marc (ISO 2709) : E-mail record : QR code < ปิดหน้าต่าง
LEADER : 00000nam 2200000uu 4500
001    13399108361
003     ULIB
008    110301s2551||||th 000 0 tha d
020    9789740543176
060 04 QV38.JC6^bศ693ย 2551
100 0  ศุภนิมิต ทีฆชุณหเถียร
245 10 ยาจีนกับพลังปราณ /^cศุภนิมิต ทีฆชุณหเถียร
250    พิมพ์ครั้งที่ 1
260    กรุงเทพฯ :^bหมอชาวบ้าน,^c2551
300    163 หน้า :^bภาพประกอบ ;^c22 ซม.
650  7 สมุนไพร^zจีน
650  7 การรักษาด้วยสมุนไพร
650  7 ยาแผนโบราณ^zจีน
650  7 การแพทย์แผนโบราณ^zจีน
945    ^p160^l0^i025671
945    ^p160^l0^i025670
995    ทศพร
999 ^a ใช้งานได้ทุกระบบ
รายการนี้ยังไม่มีแท็ก
คุณยังไม่ได้ล็อกอิน คุณสามารถมีกิจกรรมร่วมกับเว็บไซต์ได้ แต่ต้องล็อกอินก่อน ::
  ล็อกอิน

รายการสื่อสารสนเทศ

ลำดับที่ ประเภท เลขเรียก/บาร์โค้ด สถานที่ สถานะ
- ไม่พบข้อมูล -

รายการใกล้เคียง
    ผู้แต่ง [ศุภนิมิต ทีฆชุณหเถียร]

    หัวเรื่อง [การรักษาด้วยสมุนไพร]

BibComment


ยังไม่เคยถูกคอมเมนท์

คอมเมนท์ทรัพยากรรายการนี้
  คอมเมนท์: ยาจีนกับพลังปราณ ..


 Copyright 2026. Bcnsprnw @Library